Quiz sur Red (Pokémon) - Statistiques

Statistiques générales
  • Ce quiz a été pris 19 fois
  • Le résultat moyen est 9 sur 20
Statistiques - réponses
Question Réponse % Correct
Quelle est la phrase emblématique de Red, qui lui est associée depuis qu'il est un PNJ ? "..."
100%
Quel âge a Red lorsqu'il commence son aventure dans Rouge et Bleu ? 11 ans
100%
Quel est le plus grand Rival de Red ? Blue
100%
Dans combien de jeux de la série principale Red est-ille personnage jouable ? 6
88%
D'où vient Red ? Bourg Palette
88%
A quel niveau est le Pikachu de l'équipe de Red lorsqu'on l'affronte dans Or Heartgold et Argent Soulsilver, ce qui en fait le Pokémon d'un PNJ avec le plus haut niveau, hors bâtiment de combat ? 88
82%
Où Red peut-il être affronté et combattu dans Or, Argent etCristal, et Or Heartgold et Argent Soulsilver ? Le Mont Argenté
65%
Dans combien de jeux de la série principale le personnagede Red apparaît-il (en tant que personnage jouable ou en tant que PNJ) ? 20
47%
Combien de temps s'écoule entre le moment où Reddevient Maître de la Ligue de Kanto et le moment où Luth le croise dans Or et Argent ? 3 ans
47%
Quel autre Dresseur éminemment connu a été inspirépar Red ? Sacha
47%
Quelle mini-série a pour personnage principal Red,et raconte son aventure dans la région de Kanto, tel qu'elle est vécue dans les jeux ? Pokémon: Les origines
35%
Quel est le pendant féminin de Leaf en tant quepersonnage jouable ? Leaf
29%
Quelle est la première génération dans laquelle Red n'estpas apparu en tant que PNJ ? La sixième
24%
Quel est le dernier jeu de la série principaleoù Red est apparu ? Pokémon Let's Go Pikachu et Let's Go Evoli
24%
Qu'est ce qui a été rajouté dans le sprite de Red entre les versions japonaises et les versions internationales des jeux de la 1ère génération ? Une Pokéball
18%
A quoi Red participe-t-il dans Noir 2 et Blanc 2 ? Au Tournoi des Maîtres de la Ligue
12%
A quel personnage d'une série de jeux crossover de Nintendo Red a-t-il prêté son apparence ? Le Dresseur de Pokémon (Smash Bros)
12%
Quels sont les 3 Pokémon communs à toutes les équipes de Red au fil des jeux ? Pikachu, Florizarre, Ronflex
12%
Par quel surnom Red se fait-il appeler dans Noir 2 et Blanc 2 ? La Légende Vivante
6%
Dans l'introduction de Rouge et Bleu avec le ProfesseurChen, avant même de commencer à jouer, quels sont les deux autres noms par défaut que le joueur peut choisir à part Red pour nommer le protagoniste ? Sacha et Paul
6%
Aucun quiz correspondant
Distribution des résultats
% des personnes avec chaque résultat
Percentile par nombre de réponses
Votre historique - résultats
Vous n’avez pas pris ce quiz